UBT Library

Anesthesia / (Record no. 39797)

000 -LEADER
fixed length control field 00584cam a2200229 a 4500
001 - CONTROL NUMBER
control field 3332746
005 - DATE AND TIME OF LATEST TRANSACTION
control field 20180105051019.0
008 - FIXED-LENGTH DATA ELEMENTS--GENERAL INFORMATION
fixed length control field 850719s1986 nyu b 001 0 eng c
010 ## - LIBRARY OF CONGRESS CONTROL NUMBER
LC control number 85017446
020 ## - INTERNATIONAL STANDARD BOOK NUMBER
International Standard Book Number 0443083282
040 ## - CATALOGING SOURCE
Original cataloging agency DNLM/DLC
Transcribing agency DLC
Modifying agency DLC
041 ## - LANGUAGE CODE
Language code of text/sound track or separate title eng
060 ## - NATIONAL LIBRARY OF MEDICINE CALL NUMBER
Classification number WO 200 A573
080 ## - UNIVERSAL DECIMAL CLASSIFICATION NUMBER
Universal Decimal Classification number 617.96 MIL
082 00 - DEWEY DECIMAL CLASSIFICATION NUMBER
Classification number 617.96 MIL
Edition number 19
100 ## - Rafti
Rafti 6
101 ## - Shkurtesa
Shkurtesa ANE
245 00 - TITLE STATEMENT
Title Anesthesia /
Statement of responsibility, etc edited by Ronald D. Miller.
504 ## - BIBLIOGRAPHY, ETC. NOTE
Bibliography, etc Includes bibliographies and indexes.
906 ## - LOCAL DATA ELEMENT F, LDF (RLIN)
a 7
b cbc
c orignew
d 1
e ocip
f 19
g y-gencatlg
942 ## - ADDED ENTRY ELEMENTS (KOHA)
Source of classification or shelving scheme
Item type Books
Holdings
Withdrawn status Lost status Source of classification or shelving scheme Damaged status Not for loan Collection code Permanent location Current location Shelving location Date acquired Total Checkouts Full call number Barcode Date last seen Price effective from Koha item type
          Koleksioni i përgjithshem UBT - Lipjan UBT - Lipjan Koleksioni i përgjithshem 01/05/2018   617.96 MIL 002-2995148 01/05/2018 01/05/2018 Books
          Koleksioni i përgjithshem UBT - Lipjan UBT - Lipjan Koleksioni i përgjithshem 01/05/2018   617.96 MIL 002-2995153 01/05/2018 01/05/2018 Books
          Koleksioni i përgjithshem UBT - Lipjan UBT - Lipjan Koleksioni i përgjithshem 01/05/2018   617.96 MIL 002-2995142 01/05/2018 01/05/2018 Books
UBT Library © 2015-2024. All rights reserved University Education for Business and Technology